Образный компонент концепта "компьютер" в русских и англоязычных глянцевых журналах; Коммуникативные аспекты языка и культуры; Ч. 2
| Parent link: | Коммуникативные аспекты языка и культуры: сборник материалов XIV Международной научно-практической конференции студентов и молодых ученых, г. Томск, 21-23 мая 2014 г./ Национальный исследовательский Томский политехнический университет (ТПУ), Институт международного образования и языковой коммуникации (ИМОЯК) ; под ред. С. А. Песоцкой.— , 2014 Ч. 2.— 2014.— [С. 164-169] |
|---|---|
| Autore principale: | |
| Ente Autore: | |
| Altri autori: | |
| Riassunto: | Заглавие с титульного экрана |
| Lingua: | russo |
| Pubblicazione: |
2014
|
| Serie: | Функциональные аспекты когнитивных и лингвокультурологических исследований |
| Soggetti: | |
| Accesso online: | http://earchive.tpu.ru/handle/11683/21574 http://www.lib.tpu.ru/fulltext/c/2014/C77/V2/035.pdf |
| Natura: | MixedMaterials Elettronico Capitolo di libro |
| KOHA link: | https://koha.lib.tpu.ru/cgi-bin/koha/opac-detail.pl?biblionumber=609898 |
MARC
| LEADER | 00000naa2a2200000 4500 | ||
|---|---|---|---|
| 001 | 609898 | ||
| 005 | 20260327132328.0 | ||
| 035 | |a (RuTPU)RU\TPU\conf\7432 | ||
| 035 | |a RU\TPU\conf\7431 | ||
| 090 | |a 609898 | ||
| 100 | |a 20141212d2014 k y0rusy50 ca | ||
| 101 | 0 | |a rus | |
| 102 | |a RU | ||
| 135 | |a drcn ---uucaa | ||
| 181 | 0 | |a i | |
| 182 | 0 | |a b | |
| 200 | 1 | |a Образный компонент концепта "компьютер" в русских и англоязычных глянцевых журналах |f Т. Ю. Ермолаева |g науч. рук. Ю. А. Эмер | |
| 203 | |a Текст |c электронный | ||
| 225 | 1 | |a Функциональные аспекты когнитивных и лингвокультурологических исследований | |
| 300 | |a Заглавие с титульного экрана | ||
| 320 | |a [Библиогр.: с. 169 (1 назв.)] | ||
| 337 | |a Adobe Reader | ||
| 461 | 1 | |0 (RuTPU)RU\TPU\conf\7313 |t Коммуникативные аспекты языка и культуры |o сборник материалов XIV Международной научно-практической конференции студентов и молодых ученых, г. Томск, 21-23 мая 2014 г. |o в 3 ч. |f Национальный исследовательский Томский политехнический университет (ТПУ), Институт международного образования и языковой коммуникации (ИМОЯК) ; под ред. С. А. Песоцкой |d 2014 | |
| 463 | 0 | |0 (RuTPU)RU\TPU\conf\7319 |t Ч. 2 |v [С. 164-169] |d 2014 | |
| 610 | 1 | |a труды учёных ТПУ | |
| 610 | 1 | |a электронный ресурс | |
| 610 | 1 | |a концепт "компьютер" | |
| 610 | 1 | |a русский язык | |
| 610 | 1 | |a английский язык | |
| 610 | 1 | |a журналы | |
| 610 | 1 | |a образность | |
| 700 | 1 | |a Ермолаева |b Т. Ю. | |
| 702 | 1 | |a Эмер |b Ю. А. |c филолог |c доцент Томского политехнического университета |f 1971- |g Юлия Антоновна |4 727 | |
| 712 | 0 | 2 | |a Национальный исследовательский Томский политехнический университет (ТПУ) |b Институт международного образования и языковой коммуникации (ИМОЯК) |b Кафедра русского языка и литературы (РЯЛ) |3 (RuTPU)RU\TPU\col\18974 |
| 801 | 2 | |a RU |b 63413507 |c 20210917 |g RCR | |
| 856 | 4 | |u http://earchive.tpu.ru/handle/11683/21574 | |
| 856 | 4 | |u http://www.lib.tpu.ru/fulltext/c/2014/C77/V2/035.pdf | |
| 942 | |c BK | ||